Kuasa berfikir kreatif : (Record no. 86733)

MARC details
000 -LEADER
fixed length control field 00821nam a2200289 i 4500
001 - CONTROL NUMBER
control field C2-0280164
003 - CONTROL NUMBER IDENTIFIER
control field PPAK
005 - DATE AND TIME OF LATEST TRANSACTION
control field 20180728011203.0
008 - FIXED-LENGTH DATA ELEMENTS--GENERAL INFORMATION
fixed length control field 070618s2006 my |||| ||||| | may d
020 ## - INTERNATIONAL STANDARD BOOK NUMBER
International Standard Book Number 9833372724
040 ## - CATALOGING SOURCE
Original cataloging agency PPAK
Language of cataloging eng
Transcribing agency PPAK
Description conventions rda
082 04 - DEWEY DECIMAL CLASSIFICATION NUMBER
Classification number 153.42
Edition number 23
090 00 - LOCALLY ASSIGNED LC-TYPE CALL NUMBER (OCLC); LOCAL CALL NUMBER (RLIN)
Classification number (OCLC) (R) ; Classification number, CALL (RLIN) (NR) 153.42
Feature heading AIN
Feature heading G
Classification number (OCLC) (R) ; Classification number, CALL (RLIN) (NR) 153.42
Feature heading AIN
Feature heading R
100 0# - MAIN ENTRY--PERSONAL NAME
Personal name Ainon Muhammad,
Relator term author
245 10 - TITLE STATEMENT
Title Kuasa berfikir kreatif :
Remainder of title teknik menyelesaikan masalah secara kreatif
264 #1 - PRODUCTION, PUBLICATION, DISTRIBUTION, MANUFACTURE, AND COPYRIGHT NOTICE
Place of production, publication, distribution, manufacture Batu Caves, Selangor :
Name of producer, publisher, distributor, manufacturer PTS Millennia ,
Date of production, publication, distribution, manufacture, or copyright notice 2006
300 ## - PHYSICAL DESCRIPTION
Extent vii, 257 pages ;
Dimensions 23 cm
336 ## - CONTENT TYPE
Source rdacontent
Content type term text
337 ## - MEDIA TYPE
Source rdamedia
Media type term unmediated
338 ## - CARRIER TYPE
Source rdacarrier
Carrier type term volume
490 1# - SERIES STATEMENT
Series statement Siri minda kreatif
650 10 - SUBJECT ADDED ENTRY--TOPICAL TERM
Topical term or geographic name entry element Thought and thinking.
700 ## - ADDED ENTRY--PERSONAL NAME
Relator term author
830 #0 - SERIES ADDED ENTRY--UNIFORM TITLE
Uniform title Siri minda kreatif
942 ## - ADDED ENTRY ELEMENTS (KOHA)
-- dc
Koha item type Book
Holdings
Withdrawn Not for loan Current library Shelving location Date acquired Total Checkouts Total Renewals Full call number Barcode Date last seen Date last checked out Koha item type Checked out
    Perpustakaan Alor Setar Pinjaman Dewasa 23/09/2007 2 1 153.42 AIN A01138073 24/02/2020 12/01/2020 Book  
  Not For Loan Perpustakaan Alor Setar Rujukan Dewasa 08/11/2009     R 153.42 AIN A01322286 09/05/2018   Book  
    Perpustakaan Awam Sungai Petani Pinjaman Dewasa 23/09/2007 1   153.42 AIN A01138074 12/01/2021 12/01/2021 Book 02/02/2021